00584nam a2200193Ia 4500003000900000008004100009020001800050040001600068080002200084100001800106245008900124260003500213300001500248490003700263650004100300650001800341650001900359650001200378IN-BaIIA211028s9999 xx 000 0 eng d a0-444-86427-X cIIA Library a533.9(035)bBAS-I aGaleev, A. A. 0aBasic plasma physics IcA. A. Galeev  aAmsterdambNorth-Hollandc1983 axix, 751p. aHandbook of plasma physics; v. 1 aAstronomy and astrophysics thesaurus aIonized gases aPlasma physics aPlasmas